000 00845nam a2200265 i 4500
003 DO-SdBNP
005 20250424094227.0
007 ta
008 250424b2008 dr ||||| |||| 00| 0 spa d
040 _aDO-SdBNP
_bspa
_cBNPHU
_erda
041 _aspa
082 4 _a0
_bA185g
_222
100 _aAcosta Piña, Carlos Aníbal
_eautor
_4aut.
_938735
245 1 3 _aEnsayo, la guerra restauradora :
_bcausas y consecuencias /
_cCarlos Aníbal Acosta Piña
250 _aPrimera edición
264 _aSanto Domingo, República Dominicana :
_bAteneo Dominicano,
_c2008.
300 _a79 páginas ;
_c21 cm
336 _atexto
_btxt
_2rdacontent
337 _asin mediación
_bn
_2rdamedia
338 _avolumen
_bnc
_2rdacarrier
504 _aBibliografía: páginas 73-74
590 _aInventariado, 2025 /LP
910 _aLP
942 _2ddc
_cLBS1
999 _c58771
_d58771